In search of justice (Record no. 224)
[ view plain ]
| 000 -LEADER | |
|---|---|
| fixed length control field | 00641nam a2200229Ia 4500 |
| 003 - CONTROL NUMBER IDENTIFIER | |
| control field | 0100 |
| 008 - FIXED-LENGTH DATA ELEMENTS--GENERAL INFORMATION | |
| fixed length control field | 130227s9999 xx 000 0 und d |
| 040 ## - CATALOGING SOURCE | |
| Transcribing agency | ARRUPELIB |
| 050 ## - LIBRARY OF CONGRESS CALL NUMBER | |
| Classification number | KS51.9.I5 2000 |
| 100 ## - MAIN ENTRY--PERSONAL NAME | |
| Personal name | Sheed, Francis. Joseph |
| 245 ## - TITLE STATEMENT | |
| Title | In search of justice |
| 245 ## - TITLE STATEMENT | |
| Remainder of title | women and the administration of justice in Malawi |
| 260 ## - PUBLICATION, DISTRIBUTION, ETC. (IMPRINT) | |
| Place of publication, distribution, etc | Blantyre |
| 260 ## - PUBLICATION, DISTRIBUTION, ETC. (IMPRINT) | |
| Name of publisher, distributor, etc | Dzuka Publishing |
| 260 ## - PUBLICATION, DISTRIBUTION, ETC. (IMPRINT) | |
| -- | 2000 |
| 300 ## - PHYSICAL DESCRIPTION | |
| Extent | x |
| 300 ## - PHYSICAL DESCRIPTION | |
| Other physical details | 124p. 21cm |
| 650 ## - SUBJECT ADDED ENTRY--TOPICAL TERM | |
| Topical term following geographic name as entry element | Coptic church--History |
| 650 ## - SUBJECT ADDED ENTRY--TOPICAL TERM | |
| Location of event | Egypt--Church history |
| 700 ## - ADDED ENTRY--PERSONAL NAME | |
| Personal name | Women and Law in Southern Africa Research and Educational Trust (WLSA) Malawi |
| 942 ## - ADDED ENTRY ELEMENTS (KOHA) | |
| Source of classification or shelving scheme | Library of Congress Classification |
| Koha issues (borrowed), all copies | 1 |
| Withdrawn status | Lost status | Source of classification or shelving scheme | Damaged status | Not for loan | Collection code | Home library | Current library | Shelving location | Date acquired | Total Checkouts | Full call number | Barcode | Date last seen | Copy number | Price effective from | Koha item type | Date last borrowed |
|---|---|---|---|---|---|---|---|---|---|---|---|---|---|---|---|---|---|
| Library of Congress Classification | Main Collection | ARRUPE LIBRARY | ARRUPE LIBRARY | 27/02/2013 | KS51.9.I5 2000 | 46003067489 | 27/02/2013 | 1 | 27/02/2013 | Monograph ( Printed materials) | |||||||
| Library of Congress Classification | Main Collection | ARRUPE LIBRARY | ARRUPE LIBRARY | 27/02/2013 | 1 | KS51.9.I5 2000 | 46003067456 | 11/11/2015 | 2 | 27/02/2013 | Monograph ( Printed materials) | 12/08/2015 |